<?xml version="1.0" encoding="UTF-8"?>
<collection xmlns="http://www.loc.gov/MARC21/slim">
 <record>
  <leader>     na                 </leader>
  <controlfield tag="001">INLIS000000000000530</controlfield>
  <controlfield tag="005">20220523095747</controlfield>
  <datafield tag="035" ind1=" " ind2=" ">
   <subfield code="a">0010-0522000146</subfield>
  </datafield>
  <controlfield tag="008">220523                           0      </controlfield>
  <datafield tag="245" ind1="1" ind2=" ">
   <subfield code="a">Santri Jahil Iyah, Digital /</subfield>
   <subfield code="c">&lt;Dzawin Nur&gt;</subfield>
  </datafield>
  <datafield tag="100" ind1=" " ind2=" ">
   <subfield code="a">&lt;Dzawin Nur&gt;</subfield>
  </datafield>
  <datafield tag="260" ind1=" " ind2=" ">
   <subfield code="a">JAKARTA :</subfield>
   <subfield code="b">Bukune,</subfield>
   <subfield code="c">2017</subfield>
  </datafield>
  <datafield tag="300" ind1=" " ind2=" ">
   <subfield code="a">182 hlm, - cm.</subfield>
  </datafield>
  <datafield tag="020" ind1=" " ind2=" ">
   <subfield code="a">602-978-602-220-213-4</subfield>
  </datafield>
  <datafield tag="084" ind1=" " ind2=" ">
   <subfield code="a">813 &lt;DZ s</subfield>
  </datafield>
  <datafield tag="082" ind1=" " ind2=" ">
   <subfield code="a">813</subfield>
  </datafield>
  <datafield tag="650" ind1=" " ind2="4">
   <subfield code="a">&lt;Novel&gt;&lt;Islami&gt;</subfield>
  </datafield>
  <datafield tag="990" ind1=" " ind2=" ">
   <subfield code="a">0012022/00202</subfield>
  </datafield>
 </record>
</collection>
